| 000 | 01177cam a22003497a 4500 | ||
|---|---|---|---|
| 003 | CHAP | ||
| 005 | 20230822062641.0 | ||
| 008 | 971013c19771970 r 00010 d | ||
| 010 | _a11043 | ||
| 011 | _a12015 | ||
| 035 | _a13720 | ||
| 040 | _cCHAP | ||
| 082 |
_a336 _bC5 |
||
| 100 | 0 | 0 |
_aCibotti, Ricardo. _923036 |
| 245 | 1 | 3 | _aEl sector público en la planificación del desarrollo |
| 260 |
_aMéxico, D. F. : _bSiglo XXI, _c1977 (c.1970) |
||
| 300 | _a271 p. | ||
| 490 | 0 | _aEconomía y demografía | |
| 590 |
_aBATCH-UPD _b10 _c20130110 _lUCH01 _h1024 |
||
| 590 |
_aBATCH-UPD _b10 _c20130410 _lUCH01 _h0629 |
||
| 590 |
_aBATCH-UPD _b10 _c20130914 _lUCH01 _h0930 |
||
| 590 |
_aCONVERSION _b10 _c20130109 _lUCH01 _h1307 |
||
| 650 | 1 | 4 | _aDesarrollo económico. |
| 650 | 1 | 4 |
_aFinanzas públicas. _940953 |
| 700 | 0 |
_aSierra, Enrique. _9105869 |
|
| 830 | 0 | 4 |
_aEconomía y demografía (Siglo XXI Editores) _935280 |
| 901 | _aBK | ||
| 942 | _cLIBRO | ||
| 949 |
_a336 C5 _bBC _cLIBRO _d33724000350914 _eLIBRO _fc.3 _h67009 _i13720 _si |
||
| 949 |
_a336 C5 _bBC _cLIBRO _d33724000350930 _eLIBRO _fc.2 _h67008 _i13720 _si |
||
| 949 |
_a336 C5 _bBC _cLIBRO _d33724000350948 _eLIBRO _h46827 _i13720 _si |
||
| 999 |
_c11043 _d11043 |
||